<?xml version="1.0" encoding="UTF-8"?>
<record
    xmlns:xsi="http://www.w3.org/2001/XMLSchema-instance"
    xsi:schemaLocation="http://www.loc.gov/MARC21/slim http://www.loc.gov/standards/marcxml/schema/MARC21slim.xsd"
    xmlns="http://www.loc.gov/MARC21/slim">

  <leader>00685    a2200229   4500</leader>
  <controlfield tag="003">0</controlfield>
  <controlfield tag="005">20160609163358.0</controlfield>
  <controlfield tag="008">110329t        xxu||||| |||| 00| 0 eng d</controlfield>
  <datafield tag="020" ind1=" " ind2=" ">
    <subfield code="a">2-07-075351-4</subfield>
  </datafield>
  <datafield tag="040" ind1=" " ind2=" ">
    <subfield code="a">BUAC</subfield>
    <subfield code="b">Fre</subfield>
    <subfield code="c">BUC</subfield>
  </datafield>
  <datafield tag="041" ind1=" " ind2=" ">
    <subfield code="a">Fre</subfield>
  </datafield>
  <datafield tag="100" ind1=" " ind2=" ">
    <subfield code="a">Diamond, Jared</subfield>
    <subfield code="9">15798</subfield>
  </datafield>
  <datafield tag="100" ind1=" " ind2=" ">
    <subfield code="l">Fre</subfield>
    <subfield code="9">15799</subfield>
  </datafield>
  <datafield tag="245" ind1=" " ind2=" ">
    <subfield code="a">De l'in&#xE9;galit&#xE9; parmi les soci&#xE9;t&#xE9;s </subfield>
    <subfield code="b">: Essai sur l'homme et l'environnement dans l'histoire</subfield>
    <subfield code="c"> /Jared Diamond</subfield>
  </datafield>
  <datafield tag="260" ind1=" " ind2=" ">
    <subfield code="a">Paris</subfield>
    <subfield code="b">Gallimard</subfield>
    <subfield code="c">2000</subfield>
  </datafield>
  <datafield tag="300" ind1=" " ind2=" ">
    <subfield code="a">484 p.</subfield>
    <subfield code="c">22 cm.</subfield>
  </datafield>
  <datafield tag="630" ind1=" " ind2=" ">
    <subfield code="a">PHILOSOPHIE</subfield>
    <subfield code="9">15800</subfield>
  </datafield>
  <datafield tag="650" ind1=" " ind2=" ">
    <subfield code="a">In&#xE9;galit&#xE9; : homme : philosophie</subfield>
    <subfield code="9">15801</subfield>
  </datafield>
  <datafield tag="700" ind1=" " ind2=" ">
    <subfield code="a"> Dauzat, Pierre Emmanuel</subfield>
    <subfield code="c">trad.,</subfield>
    <subfield code="9">15802</subfield>
  </datafield>
  <datafield tag="942" ind1=" " ind2=" ">
    <subfield code="c">LIVR</subfield>
  </datafield>
  <datafield tag="999" ind1=" " ind2=" ">
    <subfield code="c">43082</subfield>
    <subfield code="d">43082</subfield>
  </datafield>
  <datafield tag="952" ind1=" " ind2=" ">
    <subfield code="0">0</subfield>
    <subfield code="1">0</subfield>
    <subfield code="4">0</subfield>
    <subfield code="7">0</subfield>
    <subfield code="a">BAC</subfield>
    <subfield code="b">BAC</subfield>
    <subfield code="d">2009-10-19</subfield>
    <subfield code="e">Don CCA</subfield>
    <subfield code="l">0</subfield>
    <subfield code="o">303.422 DIA</subfield>
    <subfield code="p">001291BAC</subfield>
    <subfield code="r">2009-10-19 00:00:00</subfield>
    <subfield code="t">1</subfield>
    <subfield code="w">2009-10-19</subfield>
    <subfield code="y">LIVR</subfield>
  </datafield>
  <datafield tag="952" ind1=" " ind2=" ">
    <subfield code="0">0</subfield>
    <subfield code="1">0</subfield>
    <subfield code="4">0</subfield>
    <subfield code="7">0</subfield>
    <subfield code="a">BUAC</subfield>
    <subfield code="b">BUAC</subfield>
    <subfield code="d">0000-00-00</subfield>
    <subfield code="e">DON CCA</subfield>
    <subfield code="l">0</subfield>
    <subfield code="o">140  DIA</subfield>
    <subfield code="r">2010-08-03 00:00:00</subfield>
    <subfield code="t">1</subfield>
    <subfield code="w">2010-08-03</subfield>
    <subfield code="y">LIVR</subfield>
  </datafield>
</record>
